Domica - jaskyňa pravekých tajov Československo

Bibliographic Details
Format: Book
Language:Slovak
PhysicalDescription:[16] s. fotogr. 16 cm 3D okuliare
Published: [Bratislava] [Tvar] [1952]
Subjects:

MARC

LEADER 00000nam a2200000 a 4500
001 vtls008368909
003 SK-MaSNL
005 20260301094042.0
008 180813s1952 xo o 000 0 slo
015 |a SKSNBA19451955-002124 
020 |q (brož.) 
035 |a SK01SNKBKSFS20010061126 
035 |a SKM000063589 
040 |a SNK  |b slo  |c SNK  |e AACR2 
041 0 |a slo 
044 |a xo  |c SK 
072 7 |a 551  |x Geológia. Meteorológia. Klimatológia  |2 konspekt 
080 |a 551.442  |2 2001 
080 |a (437.6)  |2 2001 
080 |a (036)  |2 2001 
245 0 0 |a Domica - jaskyňa pravekých tajov  |b Československo 
246 1 1 |a Domica - peščera pervobytych tajn 
246 1 1 |a Domica - grotto of the secrets of primeval times 
246 1 1 |a Domica - grotte des secrets des temps primitifs 
260 |a [Bratislava]  |b [Tvar]  |c [1952] 
300 |a [16] s.  |b fotogr.  |c 16 cm  |e 3D okuliare 
500 |a Anaglyfy previedol R. Prunner, Praha 
500 |a Názov z obalu 
650 0 7 |a jaskyne  |2 SNKPH  |9 20772 
651 7 |a Domica (Slovensko : jaskyňa)  |2 SNKPH  |9 22972 
655 7 |a turistickí sprievodcovia (publikácie)  |2 SNKPH  |9 191298 
852 |a Univerzitná knižnica v Bratislave  |b 300000  |h SG 5484 
852 |a Univerzitná knižnica v Bratislave  |b 300000  |h XX G 2078 
958 |a OND 
999 |c 679039  |d 680969 
952 |a SNK  |b SNK  |y PREZ  |7 0  |p 17A0993294  |o snkOSD 9657  |i snk2012/9847  |8 3  |g 10.00  |3 Príloha: 3D okuliare  |0 0  |1 0  |4 0  |d 2012-05-25  |l 0  |r 2026-02-23 19:51:47  |w 2026-02-23 
952 |a SNK  |b SNK  |y PREZ  |7 0  |p 17A0993295  |o snkOSD 9657/príl.  |i snk2012/9847  |8 3  |3 Príloha: 3D okuliare  |z Príloha  |0 0  |1 0  |4 0  |d 2012-05-25  |l 0  |r 2026-02-23 19:51:47  |w 2026-02-23